Städte in Rheinhessen - Statistiken

Allgemein
  • Dieses Quiz wurde 76 mal gespielt
    50 seit der letzten Aktualisierung
  • Das Durchschnittsergebnis liegt bei 8 aus 11
Antwortstatistiken
Bildquiz Antwort % Korrekt
Mainz
100%
Alzey
87%
Bingen am Rhein
85%
Worms
85%
Ingelheim am Rhein
77%
Nierstein
74%
Oppenheim
74%
Nieder-Olm
69%
Wörrstadt
62%
Gau-Algesheim
44%
Osthofen
38%
Keine übereinstimmenden Quizze gefunden
Verteilung der Resultate
Anzahl Personen mit jedem Resultat
Perzentil nach korrekt beantworteten Fragen
Ihre Resultats-Entwicklung
Sie haben dieses Quiz seit der letzten Aktualisierung nicht gespielt